Nueve ensayos dantescos /
Guardado en:
| Autor Principal: | |
|---|---|
| Formato: | Libro |
| Publicado: |
Buenos Aires :
Emecé,
1999
|
| Series: | Obras completas de J. L. Borges
|
| Materias: | |
| Etiquetas: |
Agregar Etiqueta
Sin Etiquetas, Sea el primero en etiquetar este registro!
|
| LEADER | 00636nam a22002175a 4500 | ||
|---|---|---|---|
| 001 | CEM.cems013565 | ||
| 005 | 20110916165207.0 | ||
| 008 | 130507s1999##################000#0#####d | ||
| 003 | CEMS | ||
| 020 | |a 9500419882 | ||
| 082 | 0 | 4 | |a A864.4 |
| 100 | 1 | |a Borges, Jorge Luis | |
| 245 | 1 | 0 | |a Nueve ensayos dantescos / |c Jorge Luis Borges |
| 260 | |a Buenos Aires : |b Emecé, |c 1999 | ||
| 490 | 0 | |a Obras completas de J. L. Borges | |
| 653 | |a Literatura | ||
| 653 | |a Literatura argentina | ||
| 653 | |a Ensayos | ||
| 653 | |a Ensayos argentinos siglo 20 | ||
| 653 | |a La divina comedia | ||
| 859 | |a CEMS |b BIB. CEMS - 11 de abril |h A864.4 |i B644-2 |p 26200.11 |t Ej.1 | ||
